Suffolk A-Z - Statistics

General Stats
  • This quiz has been taken 62 times
    56 since last reset
  • The average score is 14 of 24
Answer Stats
Hint Answer % Correct
I County town; largest town Ipswich
98%
E Martyred king that Bury is named for Saint Edmund
90%
F Largest container port in the UK Felixstowe
88%
L Second-largest town; easternmost settlement in the UK Lowestoft
88%
O River whose name Eric Blair chose as his pen name Orwell
88%
N Town known for being the global centre of horse racing Newmarket
86%
A Town home to a famous shingle beach and a classical music festival Aldeburgh
82%
V AONB on the Essex border Dedham {Vale}
82%
S Anglo-Saxon ship burial site Sutton Hoo
78%
D Major port town that was gradually washed away by the sea Dunwich
75%
B Market town just west of L Beccles
71%
C The county's flag depicts this object and two arrows Crown
61%
K Town between I and Woodbridge Kesgrave
61%
M Village home to a grand Gothic wool church Long {Melford}
59%
Y River that flows by Gorleston-on-Sea Yare
53%
W River that constitutes the border with Norfolk Waveney
47%
U Village near Woodbridge; home of the Suffolk Punch horse breed Ufford
45%
R The Rendlesham Forest Incident, also known as "Britain's ______" Roswell
43%
T Jane Taylor, from Lavenham, wrote this famous children's lullaby Twinkle, Twinkle, Little Star
39%
H This type of vehicle was invented in Somerleyton Hovercraft
35%
G Supernatural (or maybe just Flemish) visitors to Woolpit village in the 1100s Green children
29%
J One of N's two racecourses July Course
20%
P Orford Ness structures used for Cold War bomb testing Pagodas
16%
Q Word meaning to choke, in Suffolk's dialect Quackle
0%
No matching quizzes found
Score Distribution
Percent of People with Each Score
Percentile by Number Answered
Your Score History
You have not taken this quiz since the last reset